000 00501nam a2200169 i 4500
001 27416
003 ES-MaACL
005 20230906153620.0
007 t|
008 030114s1913 sp ||||1| spa d
100 1 _aAttwood, E. L.
_923777
245 1 3 _aEl moderno buque de guerra /
_cpor E. L. Attwood ; Traducción de Juan de Goytia.
260 _aBarcelona :
_b[s.n.,
_c1913] (
_fGuniart y Pujolar)
300 _a147 p. ;
_c17 cm.
700 1 _aGoytia, Juan de.
_959417
852 _aES-MaACL
_jD-2405
999 _c27416
_d27416